000 01019nas a2200313 4500
001 BR0302600
003 BR-BrBNA
005 20231205103836.0
007 ta
008 230509b bl.|||p| |||| 00| 00por d
040 _aBR-BrBNA
_bpor
_cBiblioteca Nacional de Agricultura
041 _a(Pt)
072 _aH10
100 1 _aMendes, S.M.
100 1 _aBueno, V.H.P.
100 1 _aCarvalho, L.M.
100 1 _aSilveira, L.C.P.
245 1 _aEfeito da densidade de ninfas de Aphis gossypii Glover, 1877 (Hemiptera, Aphididae)no consumo alimentar e aspectos biológicos de Orius insidiosus (Say, 1832)(Hemiptera, Anthocoridae)
650 _aPULGÃO
650 _aTRIPS
650 _aCONTROLE BIOLÓGICO
650 _aPREDADOR
650 _aNINFA
650 _aCRIAÇÃO MASSAL
650 _aCONTROLE BIOLÓGICO
773 0 _tRevista Brasileira de Entomologia (Brazil)
_xISSN 0085-5626
_g(Jan-Mar 2003), v. 47(1) p. 19-24
_wBR0302600
909 _a202311
_bLúcia
_c55
_dLúcia Elande
942 _2AGRIS
_n0
_cANA
999 _c175014
_d175014